ბათუმის შოთა რუსთაველის სახელმწიფო უნივერსიტეტის ბიბლიოთეკა

სამართლებრივი სახელმწიფოს იდეა ჰეგელის პოლიტიკლურ ფილოსოფიაში / (ბიბ.ჩანაწერი № 59526)

000 -ლიდერი
ფიქსირებული სიგრძის საკონტროლო ველი 01422nam a22002417a 4500
003 - საკონტროლო ნომრის იდენტიფიკატორი
საკონტროლო ველი Ge_BSU
005 - ბოლო ოპერაციის თარიღი და დრო
საკონტროლო ველი 20230309131836.0
008 - ფიქსირებული სიგრძის მონაცემთა ელემენტები - ზოგადი ინფორმაცია
ფიქსირებული სიგრძის საკონტროლო ველი 230309s2002 ge ||||| |||| 00| 0 geo d
041 ## - ენის კოდი
Language code of text/sound track or separate title geo
080 ## - უნივერსალური ათობითი კლასიფიკაციის ინდექსი
Universal Decimal Classification number 321: 342.22+ 1(430)(092)ჰეგელი ფ-45
100 ## - მთავარი ჩანაწერი - პიროვნების სახელი
Personal name ფუტკარაია, ჯამბულ
9 (RLIN) 16611
245 ## - ცნობა სათაურის შესახებ
Title სამართლებრივი სახელმწიფოს იდეა ჰეგელის პოლიტიკლურ ფილოსოფიაში /
Statement of responsibility, etc ჯამბულ ფუტკარაია ; რედ. გ. ფერაძე ; თბილ. ბიზნესის სახელმწ. ინ–ტი.
264 ## - წარმოების, გამოცემის, დისტრიბუციის და სხვა ცნობები
გამოცემის, წარმოების, დისტრიბუციის... ადგილი თბილისი :
გამოცემის, წარმოების, დისტრიბუციის... სახელწოდება ლეგა,
გამოცემის, წარმოების, დისტრიბუციის... თარიღი 2002.
300 ## - ფიზიკური აღწერა
Extent 40 გვ. ;
Other physical details 20 სმ.
504 ## - BIBLIOGRAPHY, ETC. NOTE
Bibliography, etc ბიბლიოგრ. ტექსტის შენიშვნებში და გვ. 40.
653 ## - INDEX TERM--UNCONTROLLED
Uncontrolled term ჰეგელი, ფრიდრიხ, 1770–1831.
653 ## - INDEX TERM--UNCONTROLLED
Uncontrolled term ჰეგელის ფილოსოფია
653 ## - INDEX TERM--UNCONTROLLED
Uncontrolled term პოლიტიკური ფილოსოფია
653 ## - INDEX TERM--UNCONTROLLED
Uncontrolled term სამართლებრივი სახელმწიფო
700 ## - ADDED ENTRY--PERSONAL NAME
Personal name ფერაძე, გ.
Relator term რედაქტორი
9 (RLIN) 17145
710 ## - ADDED ENTRY--CORPORATE NAME
Corporate name or jurisdiction name as entry element თბილისის ბიზნესის სახელმწ. ინსტიტუტი.
9 (RLIN) 17146
942 ## - ADDED ENTRY ELEMENTS (KOHA)
Source of classification or shelving scheme
Koha item type წიგნი
ეგზემპლარები
ჩამოწერის სტატუსი დაკარგული ეგზემპლარის სტატუსი კლასიფიკაციის წყარო ან თაროზე გაწყობის სქემა დაზიანების სტატუსი არ გაიცემა მუდმივი მდებარეობა (დაცვის ადგილი) ამჟამინდელი ადგილსამყოფელი თაროზე განთავსების ადგილი შეძენის თარიღი ღირებულება, შესყიდვის ნორმალური ფასი სრული შენახვის შიფრი შტრიხკოდი ბოლო ოპერაციის თარიღი ეგზემპლარის მიმდევრობითი ნომერი (კეტერი?) ფასის ძალაში შესვლის თარიღი ეგზემპლარის სახეობა საჯარო შენიშვნა
          ბათუმის შოთა რუსთაველის სახელმწიფო უნივერსიტეტის მთავარი ბიბლიოთეკა ბათუმის შოთა რუსთაველის სახელმწიფო უნივერსიტეტის მთავარი ბიბლიოთეკა წიგნსაცავი 2023-03-09 4.00 321: 342.22+ 1(430)(092)ჰეგელი ფ-98 63988 2023-03-09 63988 2023-03-09 წიგნი 4 ლ.